000
00341nam a2200145Ia 4500
008
151213s9999 xx 000 0 und d
100
_a
Wordsworth
245
_a
Selected Poems
_c
Wordsworth
260
_a
New Delhi
_b
Pengain Books
300
_a
2135 p.
650
_a
English
650
_a
English
700
_a
Wordsworth
999
_c
1571
_d
1571